Historia del movimiento sindical internacional

Shranjeno v:
Bibliografske podrobnosti
Glavni avtor: Iscaro, Rubens
Format: Texto
Izdano: México, D.F.: Cultura Popular
Oznake: Označite
Brez oznak, prvi označite!

MARC

LEADER 00000 a a2200000 04500
001 22388
003
040
090 |a 152600  
100 |a Iscaro, Rubens  
245 |a Historia del movimiento sindical internacional  
260 |a México, D.F.:   |b Cultura Popular  
300 |a 249 p.  
999 |c 10244  |d 10244